Anglais les verbes - Statistiques

Statistiques générales
  • Ce quiz a été pris 223 fois
  • Le résultat moyen est 27 sur 35
Statistiques - réponses
Hint Réponse % Correct
To start Commencer
100%
To try Essayer
100%
To win Gagner
100%
To play Jouer
100%
To eat Manger
100%
To come Venir
100%
To move Bouger
98%
To sing Chanter
98%
To understand Comprendre
98%
To love Aimer
97%
To like Aimer
97%
To run Courir
97%
To sleep Dormir
97%
To write Ecrire
97%
To do Faire
97%
To read Lire
97%
To walk Marcher
97%
To forget Oublier
97%
To lose Perdre
97%
To work Travailler
97%
To use Utiliser
97%
To fly Voler
97%
To learn Apprendre
96%
To listen Ecouter
96%
To send Envoyer
96%
To help Aider
95%
To wait Attendre
95%
To drink Boire
95%
To change Changer
95%
To dance Danser
95%
To give Donner
95%
To kiss Embrasser
95%
To hear Entendre
95%
To want Vouloir
95%
To go Aller
94%
To close Fermer
94%
To die Mourir
94%
To think Penser
94%
To cry Pleurer
94%
To watch Regarder
94%
To turn Tourner
94%
To kill Tuer
94%
To buy Acheter
93%
To call Appeler
93%
To stop Arrêter
93%
To have Avoir
93%
To drive Conduire
93%
To decide Décider
93%
To be Être
93%
To end Finir
93%
To open Ouvrir
93%
To pay Payer
93%
To take Prendre
93%
To look Regarder
93%
To marry (Se) marier
93%
To live Vivre
93%
To say Dire
92%
To talk Parler
92%
To rain Pleuvoir
92%
To answer Répondre
92%
To begin Commencer
91%
To hate Détester
91%
To thank Remercier
91%
To suppose Supposer
91%
To find Trouver
91%
To study Etudier
90%
To shoot Tirer
90%
To break Casser
89%
To believe Croire
89%
To become Devenir
89%
To excuse Excuser
89%
To show Montrer
89%
To promise Promettre
89%
To laugh Rire
89%
To follow Suivre
89%
To make Faire
88%
To put Mettre
88%
To sell Vendre
88%
To see Voir
88%
Should Devoir (modal)
87%
To tell Dire
86%
To miss Manquer
86%
To build Construire
85%
To grow Grandir
85%
To wear Porter
85%
To fall Tomber
85%
To lie Mentir
84%
To leave Partir
84%
Can / could Pouvoir (modal)
84%
To meet Rencontrer
84%
To hurt (Se) blesser / faire mal
84%
To stay Rester
83%
To check Vérifier
83%
To teach Enseigner
82%
To ask Demander
81%
To let Laisser / permettre
81%
To draw Dessiner
80%
To spend Passer / dépenser
80%
To save Sauver
80%
To cut Couper
79%
To name Nommer
79%
To pull Tirer
79%
To remember Se souvenir
77%
To hope Espérer
76%
To need Avoir besoin
75%
Must Devoir (modal)
75%
To shut Fermer
74%
To keep Garder
74%
To throw Lancer / jeter
74%
To wish Souhaiter
73%
To feel Ressentir
70%
To hold Tenir
69%
To bring Apporter
67%
To guess Deviner
67%
To spell Epeler
67%
May / might Pouvoir (modal)
66%
To sit S’asseoir
66%
To hit Frapper
65%
To carry Porter
62%
To worry S’inquiéter
60%
To suck Sucer
59%
To get Obtenir
57%
To wonder (Se) demander
56%
To know Connaître
55%
To mean Signifier / vouloir dire
55%
To fuck Baiser
52%
To fill Remplir
43%
Shall Vouloir (modal)
43%
To enjoy Apprécier
41%
To pick Choisir / cueillir
41%
To last Durer
38%
To lead Mener
36%
Would Pouvoir (modal)
36%
To happen Se passer
32%
To seem Paraître
30%
To date Sortir avec (quelqu’un)
27%
To own Posséder
26%
Will S’utilise pour marquer le futur
20%
To set Poser
18%
To care Prendre soin de / se sentir concerné
17%
To sound Sembler / résonner
17%
To kid Rigoler
14%
To realize Se rendre compte
13%
To stand Se tenir debout
12%
To fire Renvoyer
11%
To mind Déranger
10%
To hang Accrocher
5%
To face Faire face à
5%
To figure Supposer que
0%
Aucun quiz correspondant
Distribution des résultats
% des personnes avec chaque résultat
Percentile par nombre de réponses
Votre historique - résultats
Vous n’avez pas pris ce quiz